| 000 | 00560nam a2200193 i 4500 | ||
|---|---|---|---|
| 001 | bgj | ||
| 100 | 1 | _aWIECZOREK, Anna. | |
| 245 | 1 | 0 |
_aBingo! : _bpodręcznik do języka angielskiego dla szkoły podstawowej. _nCz. 1B / _cAnna Wieczorek. |
| 260 |
_aWarszawa : _bWydawnictwo Szkolne PWN, _c2002. |
||
| 300 |
_a71 s. : _bil. ; _c29 cm. |
||
| 650 | 9 | _aEnglish language | |
| 655 | _aTextbooks for foreigners | ||
| 020 | _a8371950349 | ||
| 040 | _cBPK | ||
| 041 | 0 | _aeng | |
| 920 | _a83-7195-034-9 | ||
| 942 | _cKS | ||
| 008 | s uk f |000 0 eng | ||
| 999 |
_c48921 _d48921 |
||
| 856 |
_uhttp://koha.tu.koszalin.pl/cgi-bin/koha/opac-detail.pl?biblionumber=48921 _yKatalog online BPK |
||